000 00564nam a2200193 a 4500
005 20140310183425.0
008 070927s19uu xx 00 eng d
020 _a978-0-470-04368-4
050 _aT 385
_b.W4673 2007
100 _aWempen, Faithe
245 _aPowerPoint 2007 Bible /
_cFaithe Wempen.
260 _aCanada :
_bWiley Publishing, Inc,
_c2007.
300 _a866 p. :
_bill. ;
_c24 cm.
521 _aIT
650 _aPresentation graphics software.
650 _aMicrosoft PowerPoint (Computer File).
942 _cBK
_2lcc
_kFOR
999 _c22636
_d22636